| 000 | 01212nam a22003257a 4500 | ||
|---|---|---|---|
| 003 | EG-ScBUE | ||
| 005 | 20211123102554.0 | ||
| 008 | 131210s2008 ua a f |||| 000 0aara d | ||
| 017 | _a1997 / 11546 | ||
| 020 | _a9772703815 | ||
| 040 |
_aEG-ScBUE _bara _erda _cEG-ScBUE _dEG-ScBUE |
||
| 043 | _af-ua--- | ||
| 082 | 0 | 4 |
_a892.78609 _bم ط ا _222 |
| 100 | 1 |
_933033 _aمطاوع، عبد الوهاب، _d1940-2004، _eمؤلف. |
|
| 245 | 1 | 0 |
_aساعات من العمر / _cعبد الوهاب مطاوع. |
| 250 | _aالطبعة الخامسة. | ||
| 264 | 1 |
_a[القاهرة] : _bالدار المصرية اللبناية، _c2008. |
|
| 300 |
_a197 صفحة : _bرسوم ؛ _c20 سم |
||
| 336 |
_2rdacontent _aنص _btxt |
||
| 337 |
_2rdamedia _aبدون وسيط _bn |
||
| 338 |
_2rdacarrier _aمجلد _bnc |
||
| 590 | _aBook for the road program. | ||
| 600 | 1 | 7 |
_aمطاوع، عبد الوهاب، _d1940-2004 _xمذكرات. _2BUEsh |
| 650 | 7 |
_aالأدباء العرب _zمصر _vتراجم. _2BUEsh |
|
| 650 | 7 |
_933083 _aالمقالات العربية _zمصر _yقرن 21. _2BUEsh |
|
| 651 | _2BUEsh | ||
| 653 |
_cDecember2013 _bARALIT |
||
| 655 |
_vReading book _934232 |
||
| 942 |
_2ddc _cBB |
||
| 999 |
_c17822 _d17794 |
||